[Event "La Coruna op"]
[Site "La Coruna"]
[Date "1993.??.??"]
[Round "?"]
[White "Antunes, Antonio"]
[Black "Paramos Dominguez, Roberto"]
[Result "1-0"]
[WhiteElo "2425"]
[BlackElo "2375"]

1.Nf3 Nf6 2.c4 g6 3.g3 Bg7 4.Bg2 O-O 5.O-O d6 6.Nc3 e5 7.d3 Nc6 8.Rb1 a5
9.a3 h6 10.b4 axb4 11.axb4 Be6 12.b5 Ne7 13.Bb2 Ne8 14.Ra1 Rb8 15.Nd2 f5
16.Nd5 Nc8 17.Bc3 Qd7 18.Ra2 f4 19.Qa1 Bh3 20.Ra8 Rxa8 21.Qxa8 Bxg2 22.Kxg2 Nb6
23.Qxb7 Nxd5 24.Qxd5+ Kh8 25.Ne4 f3+ 26.exf3 Qf5 27.f4 exf4 28.Qxf5 Rxf5
29.g4 Rf7 30.Ra1 Bxc3 31.Nxc3 Nf6 32.Ra7 Kg8 33.Kf3 Kf8 34.h4 g5 35.hxg5 hxg5
36.Ne4 Nxe4 37.Kxe4 Ke8 38.b6 Re7+ 39.Kd4 cxb6 40.Rxe7+ Kxe7 41.Kd5  1-0

[Event "La Coruna op"]
[Site "La Coruna"]
[Date "1993.??.??"]
[Round "?"]
[White "Miguel, Victor"]
[Black "Glavina, Pablo"]
[Result "0-1"]
[WhiteElo "2300"]
[BlackElo "2405"]

1.Nf3 Nf6 2.g3 g6 3.Bg2 Bg7 4.c4 O-O 5.O-O d6 6.Nc3 e5 7.d4 Nbd7 8.e4 exd4
9.Nxd4 Re8 10.Re1 a6 11.Be3 Rb8 12.f3 Ne5 13.b3 c5 14.Nc2 b5 15.Qe2 bxc4
16.bxc4 Be6 17.Nd5 Nxd5 18.cxd5 Bd7 19.a4 Rb2 20.Kh1 Qa5 21.Reb1 Reb8 22.Qd1 Bxa4
23.Rxb2 Rxb2 24.Ne1 Bxd1 25.Rxa5 Nc4 26.Rxa6 Nxe3 27.Rxd6 Nxg2 28.Rd8+ Bf8
29.Nd3 Rd2 30.Ne5 Ne3 31.h4 f6 32.Nd7 Bxf3+ 33.Kg1 Rg2+ 34.Kh1 Rf2+  0-1

[Event "Las Palmas2"]
[Site "Las Palmas"]
[Date "1993.??.??"]
[Round "?"]
[White "Rodrigues, Adriano Pfuhl"]
[Black "Brito, Alfredo"]
[Result "1/2-1/2"]
[WhiteElo "2260"]
[BlackElo "2370"]

1.Nf3 Nf6 2.c4 g6 3.g3 Bg7 4.Bg2 O-O 5.O-O d6 6.d4 c6 7.b3 Ne4 8.Bb2 f5 9.Nc3 Nxc3
10.Bxc3 Qe8 11.Qd2 Nd7 12.d5 Nf6 13.Ng5 h6 14.Nh3 Ne4 15.Bxe4 Bxc3 16.Qxc3 fxe4
17.Nf4 g5 18.Ng2 Qg6 19.Rad1 Bh3 20.Qe3  1/2-1/2

[Event "Leeuwarden op"]
[Site "Leeuwarden"]
[Date "1993.??.??"]
[Round "2"]
[White "Davies, Nigel R"]
[Black "Bos Swiecik, Iwona"]
[Result "1-0"]
[WhiteElo "2505"]
[BlackElo "2210"]

1.Nf3 Nf6 2.c4 g6 3.g3 Bg7 4.Bg2 O-O 5.d4 d6 6.O-O Nc6 7.Nc3 e5 8.d5 Ne7
9.e4 a5 10.Bd2 Nd7 11.a3 Nc5 12.b4 axb4 13.axb4 Rxa1 14.Qxa1 Nb3 15.Qa3 Nd4
16.Nxd4 exd4 17.Ne2 c6 18.Nf4 Bg4 19.h3 Bd7 20.c5 cxd5 21.exd5 Bb5 22.Re1 Nf5
23.Qa7 dxc5 24.bxc5 Ba6 25.d6 Qb8 26.Qb6 d3 27.Nd5 Nd4 28.Re7 Ne2+ 29.Kh2 Bd4
30.Be3 Bxe3 31.Rxe3 d2 32.Qb2 d1=Q 33.Ne7+  1-0

[Event "Leeuwarden op"]
[Site "Leeuwarden"]
[Date "1993.??.??"]
[Round "6"]
[White "Davies, Nigel R"]
[Black "Visser, Yge"]
[Result "0-1"]
[WhiteElo "2505"]
[BlackElo "2335"]

1.Nf3 Nf6 2.c4 g6 3.g3 Bg7 4.Bg2 O-O 5.O-O a6 6.b3 c5 7.Bb2 Nc6 8.Nc3 e5
9.e3 d6 10.d3 Rb8 11.Qd2 Bd7 12.h3 Qc8 13.Kh2 b5 14.Ng1 Ne7 15.f4 exf4 16.gxf4 Nf5
17.e4 Nd4 18.Nge2 b4 19.Nd1 Nh5 20.Ne3 f5 21.Nxd4 cxd4 22.Nd5 Qd8 23.Rae1 fxe4
24.Rxe4 Qh4 25.Bxd4 Bxd4 26.Rxd4 Qg3+ 27.Kg1 Bxh3 28.Rf3 Qxg2+ 29.Qxg2 Bxg2
30.Kxg2 Ng7 31.Re4 a5 32.Ne7+ Kh8 33.Rh3 Rf6 34.Nd5 Rf7 35.Re7 Rxe7 36.Nxe7 Nh5
37.Nd5 Re8 38.Kf2 Kg7 39.Rh1 Rf8 40.Rh4 Nf6 41.Nc7 Kf7 42.Ke3 Ke7 43.Kd4 Kd7
44.Nd5 Nxd5 45.Kxd5 h5 46.d4 Rf7 47.Ke4 Ke6 48.Rh2 Rh7 49.Kf3 Kf5 50.Rg2 h4
51.Rg5+ Kf6 52.Kg2 h3+ 53.Kh2 Rh4 54.Rxa5 Rxf4 55.Rd5 Rf3 56.Rxd6+ Kf5 57.c5 g5
58.c6 Kg4 59.Re6 Rf2+ 60.Kg1 Rc2 61.d5 Kf3 62.d6 g4 63.Re1 h2+ 64.Kh1 Rxc6
65.Kxh2 g3+ 66.Kg1 Rxd6 67.Rf1+ Kg4 68.Rf8 Rd1+ 69.Kg2 Rd2+ 70.Kg1 Rxa2 71.Rg8+ Kf3
72.Rf8+ Ke3 73.Rg8 g2 74.Kh2 Kd3 75.Rg3+ Kc2 76.Kxg2 Rb2 77.Kf2 Rxb3 78.Rg4 Rb1
79.Ke2 b3 80.Rc4+ Kb2 81.Kd2 Rh1 82.Ra4 Rh8 83.Rd4 Rc8 84.Rd7 Kb1 85.Rd6 b2
86.Rd7 Ra8  0-1

[Event "Liechtenstein op"]
[Site "Liechtenstein"]
[Date "1993.??.??"]
[Round "6"]
[White "Davies, Nigel R"]
[Black "Foisor, Ovidiu"]
[Result "1/2-1/2"]
[WhiteElo "2505"]
[BlackElo "2425"]

1.Nf3 Nf6 2.g3 g6 3.Bg2 Bg7 4.c4 O-O 5.O-O c6 6.b3 Ne4 7.d4 d5 8.Bb2 a5 9.Nbd2 Bf5
10.Nh4 Nxd2 11.Qxd2 Be6 12.e4 dxc4 13.d5 Bxb2 14.Qxb2 cxd5 15.exd5 Bxd5 16.Rad1 c3
17.Qxc3 e6 18.Bxd5  1/2-1/2

[Event "Linares NL m2"]
[Site "Linares"]
[Date "1993.??.??"]
[Round "4"]
[White "Sisniega, Marcel"]
[Black "Martin del Campo, Roberto"]
[Result "1-0"]
[WhiteElo "2540"]
[BlackElo "2510"]

1.c4 g6 2.g3 Bg7 3.Bg2 Nf6 4.Nf3 O-O 5.d4 d6 6.Nc3 Nbd7 7.O-O e5 8.e4 exd4
9.Nxd4 Re8 10.h3 Nc5 11.Re1 Bd7 12.Rb1 Qc8 13.Kh2 a6 14.a3 Rb8 15.f4 h5 16.b4 Ne6
17.Nf3 Nf8 18.Bb2 b5 19.Nd5 Qd8 20.e5 dxe5 21.Bxe5 Rc8 22.Qd4 N8h7 23.Ng5 Nxd5
24.Bxg7 Ndf6 25.Bh6 Bf5 26.Bd5 Bxb1 27.Bxf7+ Kh8 28.Rxe8+ Qxe8 29.Bxe8 Rxe8
30.Nf7+ Kg8 31.Ne5 Bf5 32.cxb5 axb5 33.a4 c6 34.Qa7  1-0

[Event "SWE-ch"]
[Site "Lindesberg"]
[Date "1993.??.??"]
[Round "4"]
[White "Eriksson, Anders"]
[Black "Jonsson, Hans"]
[Result "0-1"]
[WhiteElo "2355"]
[BlackElo "2345"]

1.Nf3 Nf6 2.c4 g6 3.g3 Bg7 4.Bg2 O-O 5.O-O d6 6.Nc3 Nc6 7.d3 e5 8.Rb1 a5
9.a3 Re8 10.Nd2 Ne7 11.b4 axb4 12.axb4 d5 13.cxd5 Nexd5 14.Nxd5 Nxd5 15.Ne4 h6
16.Qc2 Kh7 17.Bd2 Re7 18.b5 b6 19.Ra1 Bb7 20.Qb3 c6 21.Rxa8 Bxa8 22.Ra1 Bb7
23.Kf1 cxb5 24.Qxb5 Rc7 25.Qb3 f5 26.Nc3 e4 27.Rc1 Nxc3 28.Bxc3 Qc8 29.dxe4 Rxc3
30.Rxc3 Qxc3  0-1

[Event "Ljubljana op"]
[Site "Ljubljana"]
[Date "1993.??.??"]
[Round "?"]
[White "Marjanovic, Slavoljub"]
[Black "Burovic, Ismet"]
[Result "0-1"]
[WhiteElo "2445"]
[BlackElo "2285"]

1.Nf3 Nf6 2.c4 g6 3.g3 Bg7 4.Bg2 O-O 5.Nc3 d6 6.O-O e5 7.d4 Nc6 8.e4 Bg4
9.d5 Nd4 10.Qd3 Nd7 11.Nxd4 exd4 12.Nb5 Ne5 13.Qb3 Be2 14.Re1 Bxc4 15.Qa4 Qd7  0-1

[Event "London Lloyds"]
[Site "London"]
[Date "1993.??.??"]
[Round "2"]
[White "McNab, Colin Anderson"]
[Black "Sheldon, Ruth"]
[Result "1-0"]
[WhiteElo "2490"]
[BlackElo "2040"]

1.Nf3 Nf6 2.c4 g6 3.g3 Bg7 4.Bg2 O-O 5.O-O d6 6.d4 Nbd7 7.Qc2 e5 8.Rd1 Re8
9.Nc3 c6 10.d5 cxd5 11.cxd5 Nc5 12.Nd2 e4 13.Nc4 Bf5 14.Ne3 Bd7 15.Bd2 Rc8
16.Rac1 a5 17.Qb1 b5 18.b4 axb4 19.Qxb4 Qb6 20.a3 Ra8 21.Rb1 Na6 22.Qb2 Nc7
23.Qc2 Qc5 24.Nxe4 Qxc2 25.Nxf6+ Bxf6 26.Nxc2 Bf5 27.e4 Bxe4 28.Bxe4 Rxe4
29.Bb4 Ra6 30.Ne3 Bd4 31.Rbc1 Ne8 32.Rd3 Bxe3 33.Rxe3 Rxe3 34.fxe3 Kf8 35.e4 f6
36.Rc8 Rb6 37.Ra8 Rb7 38.Bxd6+ Kf7 39.Bb4 Nc7 40.Rh8 Kg7 41.Rc8 Na6 42.d6 Kh6
43.Bd2+ Kh5 44.Rc6 Nb8 45.Rc7 Rb6 46.Rxh7+ Kg4 47.Kg2  1-0

[Event "London Lloyds"]
[Site "London"]
[Date "1993.??.??"]
[Round "4"]
[White "McNab, Colin Anderson"]
[Black "Poulton, James"]
[Result "0-1"]
[WhiteElo "2490"]
[BlackElo "2300"]

1.Nf3 Nf6 2.c4 g6 3.g3 Bg7 4.Bg2 O-O 5.d4 d6 6.O-O c6 7.b3 Bf5 8.Bb2 Qc8
9.Re1 Na6 10.Nc3 Ne4 11.Qc1 Nxc3 12.Qxc3 Be4 13.Rac1 Qd8 14.Bh3 c5 15.Qe3 Bxf3
16.Qxf3 Qa5 17.Bc3 Qxa2 18.Qxb7 Rab8 19.Qxa7 cxd4 20.Ba1 Bf6 21.Bg2 Rfc8
22.Bb7 Nb4 23.Qxa2 Nxa2 24.Bxc8 Nxc1 25.Rxc1 Rxc8 26.Kf1 e5 27.Ke1 Kf8 28.Kd1 Ra8
29.f3 Ra2 30.Rb1 d3 31.exd3 Rxh2 32.b4 Ke7 33.b5 Kd7 34.Bc3 Bd8 35.Ra1 Bb6
36.Ra8 Rf2 37.Be1 Rxf3 38.Ke2 Re3+ 39.Kd2 e4 40.dxe4 Rxe4 41.Rb8 Ba5+ 42.Kd3 Rxe1
43.Rb7+ Ke6 44.Ra7  0-1

[Event "London Lloyds"]
[Site "London"]
[Date "1993.??.??"]
[Round "10"]
[White "McNab, Colin Anderson"]
[Black "Asanov, Bolat"]
[Result "1/2-1/2"]
[WhiteElo "2490"]
[BlackElo "2385"]

1.Nf3 Nf6 2.c4 g6 3.g3 Bg7 4.Bg2 O-O 5.O-O c5 6.Nc3 Nc6 7.d3 d5 8.cxd5 Nxd5
9.Bd2 Nc7 10.Qc1 Re8 11.Rd1 Bd7 12.Bh6 Bh8 13.e3 Ne6 14.Rd2 Ng7 15.e4 Ne6
16.Ng5 Ne5 17.h3 Nxg5 18.Bxg5 Bxh3 19.Nd5 b6 20.d4 cxd4 21.Qc7 Bxg2 22.Kxg2 f6
23.Bf4 Nf7 24.Qxd8 Raxd8 25.Nc7 e5 26.Nxe8 Rxe8 27.Rc1 exf4 28.gxf4 Rd8 29.Rc7 Bg7
30.Rxa7 Bh6 31.Ra4 d3 32.Ra3 Ne5 33.Kg3 Rd4 34.Rd1 Nc4 35.Raxd3 Rxe4 36.Rd8+ Kf7
37.b3 Na3 38.R1d7+ Re7 39.Rxe7+ Kxe7 40.Rb8 b5 41.Ra8 b4 42.Rb8 Nc2 43.Rc8 Na3
44.Rb8 Nc2 45.Rc8 Ne1 46.Rc4 Nd3 47.Re4+ Kf7 48.Rd4 Nc1 49.Rxb4 Nxa2 50.Rb7+ Ke6
51.Rxh7 Bf8 52.Kg4 Nc1 53.Rh3 Na2 54.Re3+ Kf7 55.f5 Nb4  1/2-1/2

[Event "Loosdorf op"]
[Site "Loosdorf"]
[Date "1993.??.??"]
[Round "9"]
[White "Krizsany, Laszlo"]
[Black "Heyken, Enno"]
[Result "1-0"]
[WhiteElo "2370"]
[BlackElo "2360"]

1.Nf3 Nf6 2.c4 g6 3.g3 Bg7 4.Bg2 O-O 5.d4 d6 6.O-O Nbd7 7.Qc2 e5 8.Rd1 Qe7
9.Nc3 c6 10.b3 exd4 11.Nxd4 Nc5 12.e4 Re8 13.f3 Nfd7 14.Rb1 Ne5 15.Nce2 a5
16.a3 h5 17.b4 axb4 18.axb4 Ne6 19.f4 Nxd4 20.Nxd4 Ng4 21.h3 Nf6 22.Re1 h4
23.gxh4 Nxe4 24.Bb2 d5 25.cxd5 cxd5 26.Nf3 Ra2  1-0

[Event "Wch Team"]
[Site "Luzern"]
[Date "1993.??.??"]
[Round "4"]
[White "Rodriguez, Amador"]
[Black "Hug, Werner"]
[Result "1/2-1/2"]
[WhiteElo "2490"]
[BlackElo "2430"]

1.Nf3 Nf6 2.c4 g6 3.g3 Bg7 4.Bg2 O-O 5.O-O c6 6.d4 d6 7.b3 Bg4 8.Bb2 Nbd7
9.Nbd2 e5 10.dxe5 dxe5 11.Qc2 Re8 12.e4 a5  1/2-1/2

[Event "Martinez Valle op"]
[Site "Martinez Valle"]
[Date "1993.??.??"]
[Round "5"]
[White "Panno, Oscar"]
[Black "Garbarino, Rodolfo"]
[Result "1-0"]
[WhiteElo "2495"]
[BlackElo "2405"]

1.Nf3 Nf6 2.c4 g6 3.g3 Bg7 4.Bg2 O-O 5.d4 d6 6.O-O Nbd7 7.Nc3 e5 8.e4 c6
9.b3 Qb6 10.d5 cxd5 11.Nxd5 Nxd5 12.Qxd5 Nc5 13.Be3 Be6 14.Qd1 h6 15.Rb1 a5
16.Nd2 Qc7 17.a3 a4 18.b4 Nb3 19.Nxb3 axb3 20.Rxb3 Bxc4 21.Rc3 b5 22.Qc1 Kh7
23.Rd1 Qe7 24.Bf1 Bxf1 25.Kxf1 Qe6 26.Qd2 Rfc8 27.Rxc8 Rxc8 28.Qd3 Rc4 29.Kg2 Qg4
30.h3 Qc8 31.Qxd6 Rxe4 32.Qd5 f5 33.Rc1 Qa6 34.Rc6 Qb7 35.Qd6 Rc4 36.Bc5 f4
37.Qxg6+ Kh8 38.Qe6 Rc3 39.gxf4 exf4 40.Kh2 h5 41.Qe8+ Kh7 42.Qxh5+ Kg8 43.Qd5+  1-0

[Event "Minsk"]
[Site "Minsk"]
[Date "1993.??.??"]
[Round "?"]
[White "Rotstein, Arkadij"]
[Black "Dydyshko, Viacheslav"]
[Result "0-1"]
[WhiteElo "2465"]
[BlackElo "2490"]

1.c4 g6 2.g3 Bg7 3.Bg2 Nf6 4.Nf3 O-O 5.O-O d6 6.Nc3 e5 7.d3 Re8 8.Rb1 h6
9.b4 Be6 10.Bb2 Nc6 11.b5 Ne7 12.e4 Nd7 13.Nh4 Nc5 14.Nd5 Nxd5 15.cxd5 Bd7
16.Bc3 a6 17.a4 axb5 18.axb5 Ra3 19.Bb4 Ra7 20.Bc3 Qa8 21.f4 Ra3 22.Qd2 Rxc3
23.Qxc3 exf4 24.Qd2 fxg3 25.hxg3 Qa3 26.Qf2 Re7 27.d4 Qc3 28.e5 Nd3 29.Qe3 dxe5
30.Be4 Nf4 31.Qxc3 Ne2+ 32.Kh2 Nxc3 33.d6 cxd6 34.Bxb7 Bxb5 35.Rxb5 Nxb5
36.Bd5 Nc3 37.Bb3 Rb7  0-1

[Event "Muenster op"]
[Site "Muenster"]
[Date "1993.??.??"]
[Round "6"]
[White "Lagunow, Alexander"]
[Black "Stopsack, Malte"]
[Result "1-0"]
[WhiteElo "2420"]
[BlackElo "2030"]

1.Nf3 Nf6 2.c4 g6 3.g3 Bg7 4.Bg2 O-O 5.O-O d6 6.d4 Nc6 7.Nc3 a6 8.h3 Rb8
9.Be3 Nd7 10.Rc1 e5 11.dxe5 Ndxe5 12.Nd2 Re8 13.b3 Ne7 14.f4 Nf5 15.Bf2 Nc6
16.Nde4 Be6 17.Nd5 Kh8 18.Qd2 Nh6 19.Ndf6 Rf8 20.g4 Ng8 21.g5 Bf5 22.Rfd1 Bxe4
23.Nxe4 f5 24.Ng3 Qe7 25.h4 Rbd8 26.Bf3 h5 27.Kg2 Qf7 28.Bd5 Qe8 29.Re1 Nce7
30.Bxb7 c6 31.b4 d5 32.Bd4 dxc4 33.Bxg7+ Kxg7 34.Qc3+ Kh7 35.Qxc4 Nd5 36.Bxc6 Ne3+
37.Kh3 Qe7 38.Qc5 Rd6 39.Bf3 Ng4 40.Nf1 Rfd8 41.Kg3 Qf7 42.Qa5 Ne7 43.Rc7 R8d7
44.Rxd7 Rxd7 45.Qxa6 Nd5 46.Qc4 Qe6 47.Rd1  1-0

[Event "Munich op9293"]
[Site "Munich"]
[Date "1993.??.??"]
[Round "1"]
[White "Loeffler, Stefan"]
[Black "Wahls, Matthias"]
[Result "0-1"]
[WhiteElo "2315"]
[BlackElo "2540"]

1.Nf3 Nf6 2.c4 g6 3.g3 Bg7 4.Bg2 O-O 5.Nc3 d6 6.O-O Nc6 7.d4 Bf5 8.d5 Na5
9.Nd4 Bd7 10.b3 c5 11.dxc6 Nxc6 12.Bb2 Qa5 13.e3 Rac8 14.Re1 a6 15.Rc1 Rfe8
16.a3 Bg4 17.f3 Bd7 18.b4 Qd8 19.f4 Nxd4 20.Qxd4 Ng4 21.Qd2 Bc6 22.h3 Nf6
23.e4 e5 24.Qf2 exf4 25.gxf4 Nh5 26.b5 Bd7 27.Nd5 Bxb2 28.Qxb2 Be6 29.bxa6 bxa6
30.Qf2 Qa5 31.Rb1 Rxc4 32.Nb6 Rc5 33.Red1 Qxa3 34.Ra1 Qg3 35.Qxg3 Nxg3 36.Bf3 Rc3
37.Kf2 f5 38.exf5 Nxf5 39.Rxa6 Kg7 40.Re1 Re7 41.Bg4 Kf6 42.Ra8 Rb7 43.Bxf5 Kxf5
44.Rf8+ Rf7 45.Re8 Rf6 46.Rd1 Kxf4 47.Rxe6 Rf3+ 48.Kg2 Rxe6 49.Nd5+ Ke4 50.Re1+ Kxd5
51.Rd1+  0-1

[Event "Munich op9293"]
[Site "Munich"]
[Date "1993.??.??"]
[Round "7"]
[White "Stangl, Markus"]
[Black "Robovic, Saudin"]
[Result "1-0"]
[WhiteElo "2475"]
[BlackElo "2395"]

1.Nf3 Nf6 2.c4 g6 3.g3 Bg7 4.Bg2 O-O 5.d4 d6 6.O-O Nbd7 7.Nc3 e5 8.e4 c6
9.h3 Qb6 10.d5 cxd5 11.cxd5 Nc5 12.Qe2 Bd7 13.Be3 Rfc8 14.Rfc1 a5 15.Nd2 Qd8
16.Nb5 Bf8 17.a4 b6 18.Rcb1 Ne8 19.b4 axb4 20.Rxb4 Ra6 21.Nc3 Rca8 22.Nc4 Ng7
23.Rab1 Nxa4 24.Nxa4 Rxa4 25.Rxb6 Qc7 26.Rb7 Qc8 27.Bf1 Ra1 28.Kh2 Rxb1 29.Rxb1 Rb8
30.Nb6 Qd8 31.Qa6 Be8 32.Qa7 Be7 33.Rc1 h5 34.Nc8 Rxc8 35.Rxc8 Qxc8 36.Qxe7 Qd7
37.Qf6 Kh7 38.Bd2 Qa4 39.Bg2 Qa3 40.Qe7 Qb2 41.Be3  1-0

[Event "FRA-ch"]
[Site "Nantes"]
[Date "1993.??.??"]
[Round "5"]
[White "Anic, Darko"]
[Black "Renet, Olivier"]
[Result "1/2-1/2"]
[WhiteElo "2440"]
[BlackElo "2505"]

1.Nf3 Nf6 2.c4 g6 3.g3 Bg7 4.Bg2 O-O 5.O-O d6 6.d4 Nbd7 7.Nc3 e5 8.h3 c6
9.e4 Re8 10.Be3 a5 11.Qc2 a4 12.Rab1 exd4 13.Nxd4 Nc5 14.b4 axb3 15.axb3 Qe7
16.Rfe1 Bd7 17.Bf4 Nh5 18.Be3 Nf6  1/2-1/2

[Event "FRA-ch"]
[Site "Nantes"]
[Date "1993.??.??"]
[Round "7"]
[White "Anic, Darko"]
[Black "Lamoureux, Charles"]
[Result "1-0"]
[WhiteElo "2440"]
[BlackElo "2380"]

1.Nf3 Nf6 2.c4 g6 3.g3 Bg7 4.Bg2 O-O 5.O-O d6 6.d4 Nbd7 7.Nc3 e5 8.h3 c6
9.e4 Re8 10.Be3 a5 11.Qc2 a4 12.Rfe1 exd4 13.Nxd4 Nc5 14.Rab1 Bd7 15.Rbd1 Qa5
16.Bf4 Bf8 17.Nf3 Qb4 18.Bxd6 Bxd6 19.Rxd6 Be6 20.Red1 Nfd7 21.Bf1 Nb6 22.Qc1 Bxc4
23.a3 Qa5 24.Qh6 Ne6 25.Bxc4 Nxc4 26.Rxe6 Rxe6 27.Ng5 Rf6 28.Rd7  1-0

[Event "FRA-ch"]
[Site "Nantes"]
[Date "1993.??.??"]
[Round "13"]
[White "Anic, Darko"]
[Black "Apicella, Manuel"]
[Result "1-0"]
[WhiteElo "2440"]
[BlackElo "2475"]

1.Nf3 Nf6 2.c4 g6 3.g3 Bg7 4.Bg2 O-O 5.O-O d6 6.d4 Nbd7 7.Nc3 e5 8.h3 c6
9.e4 Qb6 10.d5 Nc5 11.Re1 a5 12.Be3 cxd5 13.cxd5 Bd7 14.Bf1 Rfc8 15.Rb1 Qd8
16.Nd2 a4 17.Qf3 Ne8 18.Rec1 b6 19.b4 axb3 20.axb3 Ra3 21.Qd1 f5 22.Nc4 Raa8
23.Nxb6 Qxb6 24.b4 Qd8 25.bxc5 f4 26.gxf4 exf4 27.Bxf4 Rxc5 28.Nb5 Qh4 29.Bg3 Rxc1
30.Rxc1 Qxe4 31.Nxd6 Nxd6 32.Bxd6 Ra2 33.Bg2 Qh4 34.Bg3 Qg5 35.Rb1 h5 36.Qb3 Re2
37.Qc4 Re8 38.Qc7 Qf5 39.Rb7 Re1+ 40.Kh2 h4 41.Qd8+ Bf8 42.Qxh4 Re2 43.d6 Rd2
44.Qc4+ Be6 45.Qc7 g5 46.Rb8 Bd7 47.Qd8 g4 48.Qe7 gxh3 49.Be5 Bc8 50.Rxc8  1-0

[Event "New York Enhance"]
[Site "New York"]
[Date "1993.??.??"]
[Round "1"]
[White "Vulicevic, Nenad"]
[Black "Sokolin, Leonid M"]
[Result "0-1"]
[WhiteElo "2270"]
[BlackElo "2430"]

1.Nf3 Nf6 2.c4 g6 3.g3 Bg7 4.Bg2 O-O 5.d4 d6 6.O-O Nbd7 7.Nc3 e5 8.e4 a6
9.h3 b5 10.cxb5 axb5 11.Re1 c6 12.dxe5 Nxe5 13.Nxe5 dxe5 14.Qc2 Be6 15.Be3 Qb8
16.b3 Rd8 17.Red1 Qb7 18.Rxd8+ Rxd8 19.a4 Ra8 20.Rb1 Bf8 21.axb5 cxb5 22.Qd3 b4
23.Na4 Rc8 24.Rc1 Rxc1+ 25.Bxc1 Qd7 26.Qxd7 Nxd7 27.Nb2 Bxb3 28.Nd3 Bc2 29.Bf1 b3
30.Bb2 Bd6 31.f3 Nb6 32.Kf2 Na4 33.Bc1 Nc3 34.Ke1 Bc7 35.Nb4 Na2 36.Nxc2 Nxc1
37.Bc4 Bd6 38.Kd2 b2 39.Na3 Bxa3 40.Kc2 Kf8  0-1

[Event "New York Hudson"]
[Site "New York"]
[Date "1993.??.??"]
[Round "7"]
[White "Ehlvest, Jaan"]
[Black "Sherzer, Alex"]
[Result "0-1"]
[WhiteElo "2625"]
[BlackElo "2465"]

1.Nf3 Nf6 2.c4 g6 3.g3 Bg7 4.Bg2 O-O 5.Nc3 d6 6.d4 Nbd7 7.O-O e5 8.e4 exd4
9.Nxd4 c6 10.h3 Re8 11.Re1 Qb6 12.Na4 Qa5 13.Bd2 Qa6 14.Bc3 Nc5 15.Nxc5 dxc5
16.Nb3 Qxc4 17.Rc1 Qe6 18.Nxc5 Qe7 19.b4 a5 20.Qa4 Be6 21.Nxe6 axb4 22.Qxb4 Qxb4
23.Bxb4 Rxe6 24.a3 Rae8 25.f3 Nh5 26.Kh2 g5 27.Red1 Be5 28.Be1 Ra8 29.Rd3 b5
30.Rcd1 c5 31.Rd8+ Rxd8 32.Rxd8+ Kg7 33.Rd5 f6 34.Rxc5 Rd6 35.Rc2 Rd1 36.Bf2 Ra1
37.Rc5 Ra2 38.Be1 Re2 39.Bc3 Bxg3+ 40.Kh1 Bf4 41.Rxb5 Rc2 42.Bb2 Rd2 43.Kg1 Be3+
44.Kh2 Kg6  0-1

[Event "Nis op"]
[Site "Nis"]
[Date "1993.??.??"]
[Round "?"]
[White "Blagojevic, Dragisa"]
[Black "Kovacevic, Aleksandar"]
[Result "1-0"]
[WhiteElo "2465"]
[BlackElo "2390"]

1.Nf3 Nf6 2.g3 g6 3.Bg2 Bg7 4.c4 O-O 5.d4 d6 6.O-O Nc6 7.Nc3 Bg4 8.d5 Na5
9.Nd2 c5 10.h3 Bd7 11.Qc2 e5 12.dxe6 Bxe6 13.Rd1 Nc6 14.Nde4 Nxe4 15.Nxe4 Qb6
16.Bg5 Nd4 17.Qd2 f5 18.Nc3 Bxc4 19.e3 Nc6 20.b3 Bf7 21.Rac1 h6 22.Bf4 Rfd8
23.Nd5 Bxd5 24.Qxd5+ Kh7 25.Bxd6 Nd4 26.exd4 Rxd6 27.Qxc5 Bxd4 28.Qxb6 axb6
29.Rc7+ Kh8 30.Re1 Bf6 31.Rxb7 Rad8 32.Kh2 R8d7 33.Rxd7 Rxd7 34.Re6 Kg7 35.Rxb6 Bd4
36.Rb5 Bxf2 37.Bd5 Kf6 38.Kg2 Be1 39.a4 Rc7 40.a5 Rc2+ 41.Kf3 Ra2 42.Rb6+ Ke5
43.Bc4 Bxa5 44.Rxg6 Bd2 45.h4 Rc2 46.Re6+ Kd4 47.Rd6+ Kc3 48.Rf6 Be1 49.Rxh6 Rf2+
50.Ke3 Rg2 51.Rc6 Rxg3+ 52.Ke2 Rg1 53.h5 Bh4 54.h6 Rg2+ 55.Kf3 Rf2+ 56.Ke3 Rh2
57.Kf4 Rf2+ 58.Ke5 Bg3+ 59.Kf6 Rh2 60.Kxf5 Kb4 61.Bg8 Rf2+ 62.Kg6 Be5 63.Rc4+ Kb5
64.Rg4 Kb6 65.Rg5 Bc3 66.Bc4 Rh2 67.h7 Ka7 68.Rh5 Rg2+ 69.Kf7 Rf2+ 70.Ke7 Bh8
71.Ra5+  1-0

[Event "NLD-ch"]
[Site "?"]
[Date "1993.??.??"]
[Round "?"]
[White "Martens, Martin"]
[Black "Hoeksema, Hendrik Pieter"]
[Result "1/2-1/2"]
[WhiteElo "2440"]
[BlackElo "2405"]

1.c4 g6 2.g3 Bg7 3.Bg2 Nf6 4.Nf3 O-O 5.O-O d6 6.d4 Nc6 7.Nc3 e5 8.d5 Ne7
9.c5 Ne8 10.cxd6 Nxd6 11.Qb3 Bd7 12.Rd1 h6 13.a4 a6 14.Be3 f5 15.Nd2 Kh7
16.Rac1 Nec8 17.a5 Qe8 18.Qb4 Rf7 19.Nb3 b6 20.axb6 cxb6 21.Na1 a5 22.Qa3 b5
23.Nb1 f4 24.Bc5 b4 25.Re1 e4 26.gxf4 Rxf4 27.Nd2 Qe5 28.Nf1 Qxb2 29.Qe3 g5
30.Ng3 Qe5 31.Red1 Be8 32.Bd4 Qe7 33.Nb3 Bg6 34.Bxg7 Qxg7 35.Nd4 Ra7 36.Nc6 Raf7
37.Nd8 Rd7 38.Ne6 Qf6 39.Rd4 Qe5 40.Nxe4 Bxe4 41.Rxe4 Nxe4 42.Rxc8 Re7 43.Rc4 Qa1+
44.Rc1 Qe5 45.Rc4 Qa1+ 46.Rc1 Qe5 47.Qd3 Qf5 48.Nxf4  1/2-1/2

[Event "NOR-chT east"]
[Site "NOR"]
[Date "1993.??.??"]
[Round "7"]
[White "Dahl, Ingrid"]
[Black "Guddahl, Viggo"]
[Result "1/2-1/2"]
[WhiteElo "2130"]
[BlackElo "2220"]

1.Nf3 Nf6 2.c4 g6 3.g3 Bg7 4.Bg2 O-O 5.O-O d6 6.Nc3 c6 7.d4 Qc7 8.e4 Nbd7
9.h3 e5 10.Be3 Re8 11.dxe5 dxe5 12.Qc2 Nf8 13.Rfd1 Ne6 14.c5 h6 15.b4 Nh7
16.Qc1 a5 17.a3 axb4 18.axb4 Rxa1 19.Qxa1 Nhg5 20.Nxg5 Nxg5 21.Kh2 Rd8 22.Rxd8+ Qxd8
23.Qa8 Ne6 24.Na4 Nc7 25.Qa5 Qe7 26.Qa7 Nb5 27.Qa8 Qf8 28.Nb6 Be6 29.Qxb7 Qe8
30.Qa8 Qxa8 31.Nxa8 Bc4 32.Nb6 Bd3 33.f3 Na3 34.Kg1 Nc2 35.Bd2 Nd4 36.Kf2 f5
37.exf5 gxf5 38.Na4 Ba6 39.Nb2 Kf7 40.Nd1 Ke6 41.Bc3 f4 42.Bd2 Nb3 43.Bc3 Nd4
44.Bd2 Nb3 45.Bc3 Bf6 46.gxf4 exf4 47.Bxf6 Kxf6 48.Nc3 Nc1 49.Bf1 Bxf1 50.Kxf1 Nd3
51.b5 cxb5 52.c6 Ke7 53.Nxb5 Ne5 54.c7 Kd7 55.Ke2 Kc8 56.Nc3 Kxc7 57.Nd5+ Kd6
58.Nxf4 Nf7 59.Kf2 Ke5 60.Kg3 Kf5 61.Ng2 Nd6 62.Ne3+ Kg5 63.f4+ Kh5 64.Ng2 Kg6
65.Kf3 Kf5 66.Nh4+ Kf6 67.Kg4 Ne4 68.Kf3 Nd6 69.Ke3 Nc4+ 70.Ke4 Nd2+ 71.Kd3 Nb3
72.Ke3 Nc5 73.Kf3 Ne6 74.Kg4 Nd4 75.Nf3 Ne6 76.Nh4 Nc5 77.Kh5 Ne4 78.Ng6 Nf2  1/2-1/2

[Event "Odense"]
[Site "Odense"]
[Date "1993.??.??"]
[Round "9"]
[White "Jurek, Josef"]
[Black "Meyer, Lars A"]
[Result "1-0"]
[WhiteElo "2305"]
[BlackElo "2345"]

1.Nf3 Nf6 2.c4 g6 3.g3 Bg7 4.Bg2 O-O 5.d4 c6 6.Nc3 d6 7.O-O Bf5 8.Qb3 Qc8
9.Re1 Na6 10.e4 Bg4 11.e5 Ne8 12.Bf4 Bxf3 13.Bxf3 dxe5 14.Bxe5 Nf6 15.Rad1 Rd8
16.d5 Nc5 17.Qc2 cxd5 18.Bxf6 Bxf6 19.Nxd5 Ne6 20.Nxf6+ exf6 21.Rxd8+ Nxd8
22.Re8+ Kg7 23.Qd2 Qxc4 24.Qd6 g5 25.Qf8+ Kg6 26.Qg8+ Kh6 27.Be4 f5 28.Bxf5 g4
29.Qxh7+ Kg5 30.Qg7+  1-0

[Event "Odorheiu Secuiesc-B"]
[Site "Odorheiu Secuiesc"]
[Date "1993.??.??"]
[Round "6"]
[White "Spulber, Cicerone"]
[Black "Potterat, Marc"]
[Result "1/2-1/2"]
[WhiteElo "2365"]
[BlackElo "2185"]

1.c4 Nf6 2.Nf3 g6 3.g3 Bg7 4.Bg2 O-O 5.O-O d6 6.Nc3 e5 7.d3 Nc6 8.Rb1 Bf5
9.e4 Bd7 10.h3 a5 11.Be3 h6 12.d4 Kh7 13.dxe5 dxe5 14.Qe2 Be6 15.Rfd1 Qc8
16.Kh2 Nd7 17.Nb5 f5 18.exf5 gxf5 19.b3 Rf7 20.Nh4 Nf6 21.Re1 Qe8 22.Rbd1 Rd8
23.Qc2 Nb4 24.Qb1 e4 25.Nd4 Nd3 26.Ndxf5 Bxf5 27.Nxf5 Nxe1 28.Rxe1 Qe5 29.Nxg7 Kxg7
30.Qc1 Qh5 31.Bf4 Rfd7 32.Bxe4 Nxe4 33.Rxe4 Rd1 34.Bxh6+ Kg6 35.Rg4+ Qxg4
36.hxg4 Rxc1 37.Bxc1 Rd1 38.Bf4 c6 39.Be3 Ra1 40.f4 Rxa2+ 41.Kh3 Ra3 42.f5+ Kf6
43.Bd4+ Kg5 44.Be3+ Kf6 45.Kh4 Rxb3 46.Bd4+ Kf7 47.g5 Rb4 48.g6+ Kg8 49.g4 Rxc4
50.Be5 Re4 51.Bc7 a4 52.f6 Re6 53.Kg5 a3 54.Kf5 Re1 55.f7+ Kg7 56.Bd6 Rf1+
57.Kg5 a2 58.Be5+ Kf8 59.Bd6+  1/2-1/2

[Event "Ostend op"]
[Site "Ostend"]
[Date "1993.??.??"]
[Round "2"]
[White "Mednis, Edmar John"]
[Black "Veerman, Johan"]
[Result "1/2-1/2"]
[WhiteElo "2440"]
[BlackElo "2230"]

1.c4 Nf6 2.g3 g6 3.Bg2 Bg7 4.Nf3 O-O 5.O-O d6 6.d4 Nbd7 7.Nc3 e5 8.e4 exd4
9.Nxd4 Re8 10.h3 a6 11.Nb3 Ne5 12.c5 Be6 13.f4 Nc6 14.cxd6 cxd6 15.Kh2 Qb6
16.Re1 Rad8 17.Be3 Qb4 18.Rc1 a5 19.Bd2 Bxb3 20.axb3 Qb6 21.Be3 Qb4 22.Re2 h5
23.Bf2 Bh6 24.Nd5 Nxd5 25.exd5 Ne7 26.Rc4 Qb5 27.Rce4 Nf5 28.Rxe8+ Rxe8 29.Rxe8+ Qxe8
30.Qd2 Bg7 31.Bf3 Qb5 32.g4 hxg4 33.hxg4 Ne7 34.Kg2 b6 35.Bh4 Kf8 36.Bxe7+ Kxe7
37.Qe2+ Qxe2+ 38.Bxe2 Bxb2 39.Kf3 Bc3 40.Bb5 Bb4  1/2-1/2

[Event "Oviedo rapid"]
[Site "Oviedo"]
[Date "1993.??.??"]
[Round "8"]
[White "Antunes, Antonio"]
[Black "Hebden, Mark"]
[Result "0-1"]
[WhiteElo "2425"]
[BlackElo "2560"]

1.Nf3 Nf6 2.c4 g6 3.g3 Bg7 4.Bg2 O-O 5.O-O d6 6.Nc3 Nc6 7.d3 e5 8.Rb1 a5
9.a3 Nd4 10.b4 axb4 11.axb4 c6 12.Bg5 Ne6 13.Bd2 Ne8 14.b5 c5 15.Qc1 f6 16.Ra1 Rxa1
17.Qxa1 f5 18.Qa7 Nf6 19.Ne1 f4 20.Nf3 g5 21.Nd5 g4 22.Ba5 Qe8 23.Nd2 Nd4
24.Re1 f3 25.exf3 Nxd5 26.cxd5 gxf3 27.Bf1 Qh5 28.Re4 Ne2+ 29.Bxe2 fxe2 30.Qb6 Qf7
31.Rxe2 Qxd5 32.Nf1 Bh3 33.Ne3 Qxd3 34.Re1 Bh6 35.Qxb7 Bxe3  0-1